North American Cities with Transpacific flights - Statistics

General Stats
  • This quiz has been taken 70 times
  • The average score is 20 of 24
Answer Stats
Airlines Airport % Correct
Air China, Air New Zealand, All Nippon Airways, EVA Air, United Airlines Houston
100%
Air Tahiti Nui, All Nippon Airways, American Airlines, Asiana Airlines, Delta Air Lines, EVA Air, Japan Airlines, Korean Air, Singapore Airlines Seattle-Tacoma
100%
American Airlines, Japan Airlines, Korean Air, Qantas Dallas/Fort Worth
98%
Air China, Air New Zealand, Air Tahiti Nui, All Nippon Airways, American Airlines, Asiana Airlines, Cathay Pacific, China Airlines, China Eastern Airlines, China Southern Airlines, Delta Air Lines, EVA Air, Fiji Airways, Japan Airlines, Korean Air, Singapore Airlines, Philippine Airlines, Qantas, United Airlines, XiamenAir Los Angeles
98%
Air China, Air New Zealand, All Nippon Airways, Asiana Airlines, Cathay Pacific, China Airlines, China Eastern Airlines, China Southern Airlines, EVA Air, Japan Airlines, Korean Air, Philippine Airlines, Singapore Airlines, XiamenAir New York-JFK
98%
Air China, Air India, Air New Zealand, All Nippon Airways, Asiana Airlines, Cathay Pacific, China Airlines, China Eastern Airlines, China Southern Airlines, EVA Air, Fiji Airways, French Bee, Japan Airlines, Korean Air, Philippine Airlines, Qantas, Singapore Airlines, United Airlines, Vietnam Airlines San Francisco
98%
Air New Zealand, All Nippon Airways, American Airlines, Cathay Pacific, China Eastern Airlines, EVA Air, Hainan Airlines, Japan Airlines, Korean Air, United Airlines Chicago-O'Hare
96%
Japan Airlines San Diego
96%
Delta Air Lines, Korean Air Atlanta
92%
Air Asia X, Air New Zealand, All Nippon Airways, Asiana Airlines, China Airlines, Delta Air Lines, Fiji Airways, Hawaiian Airlines, Jetstar, Japan Airlines, Korean Air, Philippine Airlines, Qantas, United Airlines, ZIPAIR Honolulu
92%
Cathay Pacific, Hainan Airlines, Japan Airlines, Korean Air Boston
90%
Air Canada, Air China, Air India, Air New Zealand, All Nippon Airways, Beijing Capital Airlines, China Airlines, Cathay Pacific, China Eastern Airlines, China Southern Airlines, EVA Air, Fiji Airways, Hainan Airlines, Japan Airlines, Korean Air, Philippine Airlines, Qantas, Sichuan Airlines, Singapore Airlines, XiamenAir Vancouver
90%
Delta Air Lines Portland
88%
Air Canada, Cathay Pacific, China Southern Airlines, China Eastern Airlines, EVA Air, Hainan Airlines, Korean Air, Philippine Airlines Toronto
88%
Air China, All Nippon Airways, Korean Air, United Airlines Washington-Dulles
86%
Aeroméxico, All Nippon Airways Mexico City
84%
Delta Air Lines Minneapolis
80%
Delta Air Lines Minneapolis-Saint Paul
80%
Air Canada, Air China Montréal
80%
Singapore Airlines, United Airlines Newark
80%
Delta Air Lines Detroit
76%
All Nippon Airways San Jose
69%
Hawaiian Airlines, Japan Airlines Kona
51%
China Airlines Ontario
41%
No matching quizzes found
Score Distribution
Percent of People with Each Score
Percentile by Number Answered
Your Score History
You have not taken this quiz